| Tag |
First Indicator |
Second Indicator |
Subfields |
| LEADER |
00000cam a2200000 a 4500 |
| 001 |
in00000074633 |
| 005 |
20151008053614.0 |
| 008 |
810608s1979 enka b 00010 eng d |
| 020 |
|
|
|a 0861760018
|
| 035 |
|
|
|a (OCoLC)07485812
|
| 035 |
|
|
|9 AAH7996AM
|
| 040 |
|
|
|a WAU
|c WAU
|d TXA
|d UtOrBLW
|
| 043 |
|
|
|a e------
|
| 049 |
|
|
|a TXAM
|c [1803445]
|
| 090 |
|
|
|a HF5415.13
|b .W55
|
| 100 |
1 |
|
|a Prestoungrange, Gordon.
|
| 245 |
1 |
0 |
|a Lateral marketing thought(s) /
|c by Gordon Wills.
|
| 264 |
|
1 |
|a Bradford, England :
|b MCB Publications,
|c [1979]
|
| 264 |
|
4 |
|c ©1979
|
| 300 |
|
|
|a 161 pages :
|b illustrations ;
|c 24 cm.
|
| 336 |
|
|
|a text
|b txt
|2 rdacontent
|
| 337 |
|
|
|a unmediated
|b n
|2 rdamedia
|
| 338 |
|
|
|a volume
|b nc
|2 rdacarrier
|
| 490 |
1 |
|
|a European insights ;
|v 12
|
| 500 |
|
|
|a Caption title: European insights in lateral marketing thought(s).
|
| 504 |
|
|
|a Includes bibliographical references.
|
| 650 |
|
0 |
|a Marketing
|z Europe
|x Management.
|
| 650 |
|
0 |
|a Customer relations.
|
| 830 |
|
0 |
|a European insights ;
|v no. 12.
|
| 999 |
|
|
|a MARS
|
| 999 |
f |
f |
|s 826f7069-6992-375d-9b56-e03d9b76a8e2
|i f9d7d809-dd96-3f64-8a03-bbcc06e9af33
|t 0
|
| 952 |
f |
f |
|p ric
|a Texas A&M University
|b Rellis Campus
|c Joint Library Facility
|d Remote Storage
|t 0
|e HF5415.13 .W55
|h Library of Congress classification
|i unmediated -- volume
|m A14806134456
|
| 998 |
f |
f |
|a HF5415.13 .W55
|t 0
|l Remote Storage
|